000 00388nam a2200157 a 4500
082 0 0 _a265.3
_bBRY
100 _aBryce, Mary Charles
245 _aFirst Communion
260 _aNew York
_bHerder and Herder
_c1964
300 _a125p
500 _aincludes index and biblioraphy
505 2 _aBibliography, Index
650 _aLord`s Supper
700 1 _aParyce, Mary Charles
942 _cBK
999 _c8525
_d8525